| 000 | 00583nam a22002057a 4500 | ||
|---|---|---|---|
| 003 | OSt | ||
| 005 | 20140310182848.0 | ||
| 008 | 130617t xxu||||| |||| 00| 0 eng d | ||
| 020 | _a9710325132 | ||
| 050 |
_aJF 1525 _b.T633 2003 |
||
| 082 |
_aM 327.12 _bT635 2003 |
||
| 245 |
_aGlobal intelligence : _bthe world's secret services today / _cTodd, Paul |
||
| 260 |
_aManila, Philippines : _bIBON Books, _c2003. |
||
| 300 |
_axi, 240 p. : _bill. ; _c21 cm. |
||
| 521 | _acollege students | ||
| 526 | _c1210L-1700L | ||
| 541 | _j1 | ||
| 562 | _e1 | ||
| 942 |
_2lcc _cBK _kM |
||
| 999 |
_c16961 _d16961 |
||